000 00492nam a2200181Ia 4500
008 090124s9999 xx 000 0 und d
082 _b119403
100 _aसाळगावकर शशिकला
245 _a काटशह
250 _a1
260 _c1982
300 _a151
600 _aसाळगावकर शशिकला
630 _a काटशह
700 _aसाळगावकर शशिकला
730 _a काटशह
942 _cBOOK
999 _c165489
_d165489